1934 1605 1512 1154 1041 1216 1053 1443 1426 1418 1021 1854 1851 1808 1223 1620 1392 1550 1304 1134 1301 1630 1173 1649 1532 1973 1380 1120 1674 1977 1133 1053 1821 1430 1307 1469 1916 1963 1173 1689 1678 1257 1487 1288 1305 1057 1861 1965 1715 1806 1959 1631 1374 1965 1205 1251 1315 1941 1887 1964 1494 1630 1132 1036 1989 1870 1116 1823 1094 1037 1440 1182 1798 1557 1351 1876 1541 1200 1100 1520 1078 1036 1891 1685 1646 1284 1010 1841 1589 1493 1918 1786 1875 1131 1222 1064 1040 1496 1961 BCNSPRNW ULIB Ver.6.0+V

เปลี่ยนเป็นภาษาไทย

Change to English
 แสดงรายละเอียดบรรณานุกรม
  กลับหน้าหลัก

Brief Record : Get Marc (ISO 2709) : E-mail record : QR code < ปิดหน้าต่าง
LEADER : 00000nam a2200000Ia 4500
001    13399114286
003     ULIB
008    110324s2553 th a 000 0 tha d
020    9741113471
020    ^a9789741113477
040    ^absi
060 04 ^aWE715^bส832T
100 0  ^aสุพิน ชมภูพงษ์
245 10 ^aThorax :^bกายวิภาคและการประยุกต์ใช้ทางคลินิกของช่องอก /^cสุพิน ชมภูพงษ์, อัครเดช ศิริพร, สรรใจ แสงวิเชียร
250    ^aพิมพ์ครั้งที่ 2
260    ^aกรุงเทพฯ :^bภาควิชากายวิภาคศาสตร์ คณะแพทยศาสตร์ศิริราชพยาบาล มหาวิทยาลัยมหิดล,^c2553
300    ^a152 หน้า :^bภาพประกอบ ;^c27 ซม.
500    ^aชื่อเรื่องจากปกนอก
500    ^aSend to Single Search
650  4 ^aทรวงอก^xกายวิภาค
650  4 ^aหัวใจ^xการวิภาค
650  4 ^aปอด^xกายวิภาค
653    ^aผลงานอาจารย์คณะแพทยศาสตร์ศิริราชพยาบาล
700 0  ^aอัครเดช ศิริพร
700 0  ^aสรรใจ แสงวิเชียร
710 2  ^aมหาวิทยาลัยมหิดล. ^bคณะแพทยศาสตร์ศิริราชพยาบาล.
945    ^p0^l0^i031336
945    ^p0^l0^i031337
945    ^p0^l0^i031338
995    ^aทศพร
999 ^a ทศพร
รายการนี้ยังไม่มีแท็ก
คุณยังไม่ได้ล็อกอิน คุณสามารถมีกิจกรรมร่วมกับเว็บไซต์ได้ แต่ต้องล็อกอินก่อน ::
  ล็อกอิน

รายการสื่อสารสนเทศ

ลำดับที่ ประเภท เลขเรียก/บาร์โค้ด สถานที่ สถานะ
1. วิทยาศาสตร์การแพทย์ และสุขภาพ
หนังสือสำรอง
สถานะ=หนังสือสำรอง
WE715 ส832T ฉ.1 
  Barcode: 031336
ห้องสมุดวิทยาเขตสวรรค์ประชารักษ์
►ส่วนจัดเก็บหนังสือเก่า สปร
บนชั้น
  ขอยืม
2. วิทยาศาสตร์การแพทย์ และสุขภาพ
วิทยาศาสตร์การแพทย์ และสุขภาพ
WE715 ส832T ฉ.2 
  Barcode: 031337
ห้องสมุดวิทยาเขตสวรรค์ประชารักษ์
►ส่วนจัดเก็บหนังสือเก่า สปร
บนชั้น
  ขอยืม
3. วิทยาศาสตร์การแพทย์ และสุขภาพ
วิทยาศาสตร์การแพทย์ และสุขภาพ
WE715 ส832T ฉ.3 
  Barcode: 031338
ห้องสมุดวิทยาเขตสวรรค์ประชารักษ์
►ส่วนจัดเก็บหนังสือเก่า สปร
บนชั้น
  ขอยืม

รายการใกล้เคียง
    ผู้แต่ง [สุพิน ชมภูพงษ์]

BibComment


ยังไม่เคยถูกคอมเมนท์

คอมเมนท์ทรัพยากรรายการนี้
  คอมเมนท์: Thorax กายวิภาค..


 Copyright 2026. Bcnsprnw @Library